| 000 | 00606nam a2200229Ia 4500 | ||
|---|---|---|---|
| 003 | OSt | ||
| 005 | 20230412111724.0 | ||
| 008 | 210423s2010 xx 000 0 und d | ||
| 020 | _a978-0-521-71793-9 | ||
| 040 | _cAL | ||
| 041 | _aeng | ||
| 082 |
_a523.8875 _223 _bBEGG |
||
| 100 |
_aBEGELMAN (Mitchell);REES (Martin) _986785 |
||
| 245 | _aGravitys fatal attraction Ed 2 | ||
| 250 | _a2 | ||
| 260 |
_aCambridge _bCambridge University Press _c2010 |
||
| 300 |
_avii,302 _bPB |
||
| 365 |
_b4152.66 _cGBP |
||
| 650 |
_aAstronomy _986786 |
||
| 906 | _aattraction ; fatal ; Gravitys | ||
| 942 |
_2ddc _cBK |
||
| 999 |
_c169734 _d169734 |
||